Marvel Characters who First Appeared in Fantastic Four - Statistics

General Stats
  • This quiz has been taken 75 times
    53 since last reset
  • The average score is 9 of 25
Answers on the Grid
Answers color-coded by a green-red scale on the quiz's grid according to % correct below.
Adam Warlock
Agatha Harkness
Angel
Ant-Man
Beast
Black Bolt
Black Panther
Black Widow
Captain America
Captain Marvel
Crystal
Cyclops
Daredevil
Doctor Doom
Doctor Strange
Emma Frost
Franklin Richards
Galactus
Ghost Rider
Hawkeye
Human Torch
Iceman
Invisible Woman
Iron Man
Jean Grey
Kang
Klaw
Lockjaw
Luke Cage
Medusa
Mephisto
MODOK
Moon Knight
Mr. Fantastic
Namor
Nick Fury
Nova Corps
One-Above-All
Professor X
Quicksilver
Ronan the Accuser
Scarlet Witch
She-Hulk
Silver Surfer
Spider-Man
Star-Lord
Supreme Intelligence
Thanos
The Hulk
The Kree
The Skrulls
The Thing
The Watcher
Thor
Trapster
Valeria Richards
Vision
Wasp
Wizard
Wolverine
 
Answer Stats
Answer % Correct
Franklin Richards
71%
Human Torch
68%
Invisible Woman
68%
Doctor Doom
64%
Galactus
54%
Mr. Fantastic
54%
Black Bolt
50%
Black Panther
50%
The Thing
46%
Silver Surfer
39%
Agatha Harkness
36%
Crystal
36%
The Skrulls
36%
Valeria Richards
36%
Lockjaw
32%
Medusa
32%
Adam Warlock
29%
Klaw
25%
Ronan the Accuser
21%
The Kree
21%
The Watcher
21%
Kang
18%
Supreme Intelligence
18%
One-Above-All
11%
Nova Corps
7%
No matching quizzes found
Score Distribution
Percent of People with Each Score
Percentile by Number Answered
Your Score History
You have not taken this quiz since the last reset